Member States of EU & Accessions - Statistics

General Stats
  • This quiz has been taken 29 times
  • The average score is 20 of 27
Answer Stats
Member State Year of Accession to EU % Correct
Austria 1995
86%
Cyprus 2004
81%
Czech Republic 2004
81%
Estonia 2004
81%
Hungary 2004
81%
Latvia 2004
81%
Lithuania 2004
81%
Malta 2004
81%
Poland 2004
81%
Slovakia 2004
81%
Slovenia 2004
81%
Bulgaria 2007
81%
Romania 2007
81%
Croatia 2013
81%
Ireland 1973
76%
Greece 1981
76%
Denmark 1973
71%
Portugal 1986
71%
Spain 1986
71%
Finland 1995
71%
Sweden 1995
71%
Belgium Founder
57%
France Founder
57%
Germany Founder
57%
Italy Founder
57%
Luxembourg Founder
52%
Netherlands Founder
52%
No matching quizzes found
Score Distribution
Percent of People with Each Score
Percentile by Number Answered
Your Score History
You have not taken this quiz